000 00535nam a2200205Ia 4500
003 OSt
005 20220926044822.0
006 a|||||r|||| 00| 0
007 ta
008 220923b |||||||| |||| 00| 0 eng d
037 _cGeneral Book
040 _aRTL
_cRTL
_beng
041 _2eng
_aeng
082 _aY:5. 931 N61, K0.1
245 0 _aCensus of the Philippines. 1960. Population housing.
260 _c1960
300 _a194p.
_ccm.
942 _hY:5. 931 N61, K0.1
_cGB
_2CC
999 _c675883
_d675883